Business Schools in dem USA Mythen und Fakten

Gespeichert in:
Bibliographische Detailangaben
1. Verfasser: Pieper, Rüdiger
Format: Buch
Sprache:Deutsch
Veröffentlicht: Berlin Gruyter 1989
Ausgabe:1. Aufl.
Tags: Tag hinzufügen
Keine Tags, Fügen Sie das erste Tag hinzu!

MARC

LEADER 00000nam a2200000 4500
001 c033166
005 20221215124237.4
041 0 |a ger 
044 |a DE 
245 1 0 |a Business Schools in dem USA  |b Mythen und Fakten  |c Rüdiger Pieper 
250 |a 1. Aufl. 
264 1 |a Berlin  |b Gruyter  |c 1989 
300 |a 152 s. 
100 1 |a Pieper, Rüdiger